What is political psychology? (Record no. 85617)

000 -LEADER
fixed length control field 00984pab a2200169 454500
008 - FIXED-LENGTH DATA ELEMENTS--GENERAL INFORMATION
fixed length control field 180718b2009 xxu||||| |||| 00| 0 eng d
100 ## - MAIN ENTRY--PERSONAL NAME
Personal name Monroe, Kristen Renwick
245 ## - TITLE STATEMENT
Title What is political psychology?
260 ## - PUBLICATION, DISTRIBUTION, ETC.
Date of publication, distribution, etc. 2009
300 ## - PHYSICAL DESCRIPTION
Extent p.859-82.
362 ## - DATES OF PUBLICATION AND/OR SEQUENTIAL DESIGNATION
Dates of publication and/or sequential designation Dec
520 ## - SUMMARY, ETC.
Summary, etc. We contribute to a greater understanding of political psychology by 1) collecting data in a more systematic way for the intellectual community, 2) sensitizing students to the extent to which any intellectual discipline is socially constructed and is a work in progress, 3) heightening awareness of the political aspects of intellectual life, 4) exposing readers to the wide variety of diverse approaches and methodologies utilized by political psychologists, and 5) suggesting the range of topics psychology can address successfully and the range of techniques it can utilize. - Reproduced.
650 ## - SUBJECT ADDED ENTRY--TOPICAL TERM
Topical term or geographic name entry element Political behaviour
773 ## - HOST ITEM ENTRY
Main entry heading Perspectives on Politics
908 ## - PUT COMMAND PARAMETER (RLIN)
Put command parameter N
909 ## -
-- 85617
Holdings
Withdrawn status Lost status Damaged status Not for loan Permanent Location Current Location Date acquired Serial Enumeration / chronology Barcode Date last seen Price effective from Koha item type
        Indian Institute of Public Administration Indian Institute of Public Administration 2018-07-19 Volume no: 7, Issue no: 4 AR86077 2018-07-19 2018-07-19 Articles

Powered by Koha